[Event "Maikop Dzhigunov Memrial 19th"]
[Site "Maikop"]
[Date "2021.09.19"]
[Round "8"]
[White "Sifunda, Sergey"]
[Black "Tsiss, Alexander"]
[Result "0-1"]
[WhiteElo "1766"]
[BlackElo "2247"]
[PlyCount "106"]
[EventDate "2021.09.13"]
[EventType "swiss"]
[EventRounds "8"]
[EventCountry "RUS"]
[SourceTitle "EXT 2022"]
[Source "ChessBase"]
[SourceDate "2021.10.06"]
[SourceVersion "1"]
[SourceVersionDate "2021.10.06"]
[SourceQuality "1"]

1. Nf3 Nf6 2. g3 g6 3. Bg2 Bg7 4. d4 0-0 5. 0-0 d6 6. c4 Nbd7 7. Nc3 e5 8. e3 c6 9. b3 Re8 10. Bb2 Qc7 11. dxe5 dxe5 12. Qc2 Nc5 13. e4 Bg4 14. h3 Bxf3 15. Bxf3 Ne6 16. Ne2 Bf8 17. Bg2 Bc5 18. Kh2 Rad8 19. a3 Nd4 20. Nxd4 Bxd4 21. Bxd4 Rxd4 22. Rad1 Red8 23. Rxd4 Rxd4 24. Rd1 Qd8 25. Rxd4 Qxd4 26. f3 g5 27. Qc1 h6 28. h4 Nh5 29. hxg5 Qf2 30. gxh6 Qxg3+ 31. Kh1 Kh7 32. Qd2 Nf4 33. b4 b6 34. a4 c5 35. bxc5 bxc5 36. Kg1 Kxh6 37. Kf1 Kg7 38. a5 Qg6 39. Qc2 Qa6 40. Qa4 Qd6 41. Qc2 Qd4 42. a6 Qa1+ 43. Kf2 Qxa6 44. Bf1 Qd6 45. Kg1 Qd4+ 46. Kh2 a5 47. Bh3 a4 48. Bf1 a3 49. Bh3 Qb2 50. Qxb2 axb2 51. Bf5 b1Q 52. Bg4 Qe1 53. Bf5 Qf2+ 0-1

[Event "Maikop Dzhigunov Memrial 19th"]
[Site "Maikop"]
[Date "2021.09.18"]
[Round "7"]
[White "Gukasyan, Karen"]
[Black "Sifunda, Sergey"]
[Result "0-1"]
[WhiteElo "1202"]
[BlackElo "1766"]
[PlyCount "54"]
[EventDate "2021.09.13"]
[EventType "swiss"]
[EventRounds "8"]
[EventCountry "RUS"]
[SourceTitle "EXT 2022"]
[Source "ChessBase"]
[SourceDate "2021.10.06"]
[SourceVersion "1"]
[SourceVersionDate "2021.10.06"]
[SourceQuality "1"]

1. d4 Nf6 2. c4 e6 3. Bg5 Be7 4. Nc3 d5 5. e3 0-0 6. Nf3 c6 7. Be2 dxc4 8. Bxc4 b5 9. Bd3 h6 10. Bh4 a6 11. Rc1 Bb7 12. Ne4 Nxe4 13. Bxe7 Qxe7 14. Bxe4 f5 15. Bc2 Nd7 16. Bb3 c5 17. d5 c4 18. dxe6 Nc5 19. Bc2 Rad8 20. Qe2 Nd3+ 21. Bxd3 cxd3 22. Qd2 Bxf3 23. gxf3 Qxe6 24. b3 Qd5 25. Rg1 Qxf3 26. Rd1 Rd6 27. Qc3 Qe2# 0-1

[Event "Maikop Dzhigunov Memrial 19th"]
[Site "Maikop"]
[Date "2021.09.15"]
[Round "5"]
[White "Sifunda, Sergey"]
[Black "Ilina, Alexandra1111"]
[Result "1-0"]
[WhiteElo "1766"]
[BlackElo "1195"]
[PlyCount "73"]
[EventDate "2021.09.13"]
[EventType "swiss"]
[EventRounds "8"]
[EventCountry "RUS"]
[SourceTitle "EXT 2022"]
[Source "ChessBase"]
[SourceDate "2021.10.06"]
[SourceVersion "1"]
[SourceVersionDate "2021.10.06"]
[SourceQuality "1"]

1. Nf3 Nc6 2. d4 d5 3. e3 Bf5 4. Bd3 Bg6 5. a3 Nf6 6. 0-0 e6 7. c4 a6 8. Nc3 Bd6 9. c5 Be7 10. b4 b6 11. cxb6 cxb6 12. Bb2 b5 13. Rc1 0-0 14. Bxg6 hxg6 15. Nxb5 Nxb4 16. Nc7 Rc8 17. Nxe6 fxe6 18. axb4 Bxb4 19. Qa4 a5 20. Ba3 Bxa3 21. Qxa3 Ne4 22. Rxc8 Qxc8 23. Qxa5 g5 24. h3 Qe8 25. Nh2 Qh5 26. Ng4 Nf6 27. Qb6 Qf7 28. Ne5 Qe8 29. Ra1 Nd7 30. Nxd7 Qxd7 31. Ra7 Qe8 32. Qd6 Qg6 33. f3 Qb1+ 34. Kh2 Qg6 35. Re7 Rf6 36. Qd8+ Kh7 37. Re8 1-0

[Event "Adygea rapid op"]
[Site "Maikop"]
[Date "2019.05.03"]
[Round "6"]
[White "Danchenko, Artemiy"]
[Black "Sifunda, Sergey"]
[Result "0-1"]
[WhiteElo "1846"]
[BlackElo "1821"]
[PlyCount "110"]
[EventDate "2019.05.02"]
[EventType "swiss (rapid)"]
[EventRounds "9"]
[EventCountry "RUS"]
[SourceTitle "CBM 190 Extra"]
[Source "ChessBase"]
[SourceDate "2019.07.15"]
[SourceVersion "1"]
[SourceVersionDate "2019.07.15"]
[SourceQuality "1"]

1. e4 c5 2. Nf3 d6 3. d4 cxd4 4. Nxd4 Nf6 5. Nc3 a6 6. Bg5 e6 7. f4 Be7 8. Qf3 Qc7 9. 0-0-0 Bd7 10. Bd3 Nc6 11. Nxc6 Bxc6 12. Qg3 h6 13. Bh4 0-0 14. Rhe1 Rfd8 15. e5 Nd5 16. Bxe7 Qxe7 17. Ne4 dxe5 18. fxe5 Kh8 19. Nd6 Rf8 20. Rf1 Kg8 21. Kb1 Qg5 22. Qxg5 hxg5 23. Rde1 Nf4 24. Be4 Bxe4 25. Rxe4 b5 26. h4 Ng6 27. hxg5 Rad8 28. c4 bxc4 29. Nxc4 Rd5 30. Rfe1 Rb8 31. b3 Rbb5 32. Nd6 Rbc5 33. b4 Rc3 34. Nc4 Rg3 35. a3 Rdd3 36. Kc2 Rc3+ 37. Kb2 Rcd3 38. R1e2 Rxg5 39. Ka2 Rgg3 40. Kb2 Rb3+ 41. Ka2 Rbd3 42. Rf2 Rd5 43. Rfe2 Ne7 44. Rc2 g6 45. Ne3 Rd3 46. Nc4 Nd5 47. Ree2 Nc3+ 48. Rxc3 Rxc3 49. Nd6 Rxa3+ 50. Kb2 Rgb3+ 51. Kc1 Ra1+ 52. Kc2 Rxb4 53. Kc3 a5 54. Rf2 Ra3+ 55. Kd2 Rb2+ 0-1

[Event "South FR-ch"]
[Site "Maikop"]
[Date "2018.04.01"]
[Round "9"]
[White "Kozlenko, Sergey"]
[Black "Sifunda, Sergey"]
[Result "0-1"]
[WhiteElo "1783"]
[BlackElo "1908"]
[PlyCount "68"]
[EventDate "2018.03.24"]
[EventType "swiss"]
[EventRounds "9"]
[EventCountry "RUS"]
[SourceTitle "EXT 2019"]
[Source "ChessBase"]
[SourceDate "2018.10.10"]
[SourceVersion "1"]
[SourceVersionDate "2018.10.10"]
[SourceQuality "1"]

1. e4 c5 2. d3 Nc6 3. Nf3 d6 4. g3 g6 5. Bg2 Bg7 6. 0-0 e6 7. c3 Nge7 8. Re1 0-0 9. d4 cxd4 10. cxd4 d5 11. e5 Qb6 12. b3 Nf5 13. Bb2 Bd7 14. g4 Nfe7 15. Nbd2 a5 16. a3 Rfc8 17. h4 Na7 18. Nf1 Nb5 19. Ne3 Nc3 20. Bxc3 Rxc3 21. Rb1 Rac8 22. h5 Bb5 23. hxg6 hxg6 24. Ng5 Bh6 25. Nxf7 Kxf7 26. Qf3+ Ke8 27. a4 Bd3 28. Rbd1 Be4 29. Qf6 Bxe3 30. Bxe4 Bxf2+ 31. Qxf2 dxe4 32. Rxe4 Qxb3 33. Rd2 Rg3+ 34. Kf1 Rf3 0-1

[Event "South FR-ch"]
[Site "Maikop"]
[Date "2018.03.27"]
[Round "4"]
[White "Sifunda, Sergey"]
[Black "Pivovarova, Maria"]
[Result "0-1"]
[WhiteElo "1908"]
[BlackElo "2036"]
[PlyCount "124"]
[EventDate "2018.03.24"]
[EventType "swiss"]
[EventRounds "9"]
[EventCountry "RUS"]
[SourceTitle "EXT 2019"]
[Source "ChessBase"]
[SourceDate "2018.10.10"]
[SourceVersion "1"]
[SourceVersionDate "2018.10.10"]
[SourceQuality "1"]

1. Nf3 Nc6 2. c4 e5 3. Nc3 g6 4. g3 Bg7 5. Bg2 Nge7 6. 0-0 0-0 7. d3 d6 8. a3 a5 9. Bd2 h6 10. Rb1 f5 11. b4 axb4 12. axb4 Qe8 13. b5 Nd8 14. Ne1 f4 15. Nc2 Ne6 16. Ne4 g5 17. b6 g4 18. bxc7 Nf5 19. Bb4 Qd7 20. c5 Nfd4 21. Nxd4 Nxd4 22. f3 dxc5 23. Bxc5 Rf7 24. Bb6 Ra2 25. Rf2 gxf3 26. exf3 Rxf2 27. Kxf2 Bf8 28. g4 Be7 29. Qd2 Bh4+ 30. Kg1 Rg7 31. h3 Qd5 32. Kf1 Rg6 33. Qa5 Qxa5 34. Bxa5 Rc6 35. Bb6 Ne6 36. Nd2 Nxc7 37. Bxc7 Rxc7 38. Nc4 Rc5 39. Rb6 Kg7 40. Ke2 Bf6 41. Kd1 Rc6 42. Rb5 Ra6 43. Rb1 Ra2 44. Bf1 Kf8 45. Nd6 Bd7 46. Rxb7 Ba4+ 47. Kc1 Be7 48. Rb8+ Kg7 49. Nf5+ Kf6 50. Rb6+ Kf7 51. Nxh6+ Ke8 52. Kb1 Rf2 53. Bg2 Rxg2 54. Nf5 Bc2+ 55. Ka1 Ba3 56. Re6+ Kd7 57. Rxe5 Bb3 58. Re1 Bb4 59. Rh1 Bc3+ 60. Kb1 Bc2+ 61. Kc1 Bxd3 62. Rd1 Bb2# 0-1

[Event "South FR-ch"]
[Site "Maikop"]
[Date "2018.03.25"]
[Round "2"]
[White "Lyubavin, Vitali"]
[Black "Sifunda, Sergey"]
[Result "1-0"]
[WhiteElo "2044"]
[BlackElo "1908"]
[PlyCount "67"]
[EventDate "2018.03.24"]
[EventType "swiss"]
[EventRounds "9"]
[EventCountry "RUS"]
[SourceTitle "EXT 2019"]
[Source "ChessBase"]
[SourceDate "2018.10.10"]
[SourceVersion "1"]
[SourceVersionDate "2018.10.10"]
[SourceQuality "1"]

1. e4 c5 2. Nf3 d6 3. d4 cxd4 4. Nxd4 Nf6 5. Nc3 a6 6. Be3 e6 7. f3 Be7 8. Qd2 b5 9. 0-0-0 Bb7 10. Kb1 Nc6 11. Nxc6 Bxc6 12. g4 b4 13. Ne2 d5 14. Nd4 Bb7 15. e5 Nd7 16. f4 Rc8 17. h4 Nb6 18. b3 Nd7 19. h5 Qa5 20. g5 Rc3 21. Bd3 Bc5 22. g6 fxg6 23. hxg6 h6 24. Nxe6 Bxe3 25. Qxe3 Rg8 26. Rhf1 Qb6 27. Qxb6 Nxb6 28. f5 Kd7 29. Nd4 Rc5 30. f6 Kc8 31. f7 Rf8 32. Ne6 Nd7 33. Nxg7 Nxe5 34. Ne6 1-0

[Event "South FR-ch"]
[Site "Maikop"]
[Date "2018.03.24"]
[Round "1"]
[White "Sifunda, Sergey"]
[Black "Shemyakin, Valeriy"]
[Result "0-1"]
[WhiteElo "1908"]
[BlackElo "2268"]
[PlyCount "58"]
[EventDate "2018.03.24"]
[EventType "swiss"]
[EventRounds "9"]
[EventCountry "RUS"]
[SourceTitle "EXT 2019"]
[Source "ChessBase"]
[SourceDate "2018.10.10"]
[SourceVersion "1"]
[SourceVersionDate "2018.10.10"]
[SourceQuality "1"]

1. c4 Nf6 2. g3 g6 3. Bg2 Bg7 4. Nf3 0-0 5. 0-0 d5 6. cxd5 Nxd5 7. Nc3 Nxc3 8. dxc3 Nd7 9. Qc2 e5 10. Be3 Qe7 11. Rfd1 Nb6 12. b3 Bf5 13. Qc1 c6 14. Bh6 Rfd8 15. Rxd8+ Rxd8 16. Bxg7 Kxg7 17. c4 e4 18. Ne1 Qe5 19. Kf1 h5 20. h4 Nd7 21. Nc2 Nf6 22. Ne3 Ng4 23. Nxg4 Bxg4 24. a4 e3 25. fxe3 Qxg3 26. Qe1 Qxe3 27. Rd1 Re8 28. Rd2 Re6 29. b4 Rf6+ 0-1

[Event "Belorechensk Sarkisov Memorial op"]
[Site "Belorechensk"]
[Date "2012.05.30"]
[Round "8"]
[White "Gusev, Vitaly"]
[Black "Sifunda, Sergey"]
[Result "1-0"]
[WhiteElo "2089"]
[BlackElo "1960"]
[PlyCount "71"]
[EventDate "2012.05.23"]
[EventType "swiss"]
[EventRounds "9"]
[EventCountry "RUS"]
[SourceTitle "CBM 148 Extra"]
[Source "ChessBase"]
[SourceDate "2012.06.22"]
[SourceVersion "1"]
[SourceVersionDate "2012.06.22"]
[SourceQuality "1"]

1. d4 Nf6 2. c4 g6 3. Nf3 Bg7 4. Nc3 d5 5. Bf4 c6 6. e3 0-0 7. cxd5 Nxd5 8. Bg3 Qa5 9. Qd2 Nd7 10. Nxd5 Qxd5 11. Bd3 Nb6 12. b3 Bf5 13. Bxf5 Qxf5 14. Rc1 Rfe8 15. 0-0 Nd5 16. Rc5 Qd7 17. Rfc1 Nf6 18. Qc2 e6 19. Ne5 Qc8 20. b4 Bf8 21. Rc4 a6 22. Bh4 Nd7 23. a3 Nxe5 24. dxe5 Qc7 25. Qe4 Qb6 26. Rd1 a5 27. Rd7 axb4 28. Qf3 Be7 29. Bxe7 Rxa3 30. h3 Ra1+ 31. Kh2 Qb5 32. Bd6 f5 33. exf6 Rf8 34. f7+ Kg7 35. Bxf8+ Kxf8 36. Rd8+ 1-0

[Event "Belorechensk Sarkisov Memorial op"]
[Site "Belorechensk"]
[Date "2012.05.28"]
[Round "6"]
[White "Sifunda, Sergey"]
[Black "Baranov, Vyacheslav"]
[Result "1-0"]
[WhiteElo "1960"]
[BlackElo "1513"]
[PlyCount "83"]
[EventDate "2012.05.23"]
[EventType "swiss"]
[EventRounds "9"]
[EventCountry "RUS"]
[SourceTitle "CBM 148 Extra"]
[Source "ChessBase"]
[SourceDate "2012.06.22"]
[SourceVersion "1"]
[SourceVersionDate "2012.06.22"]
[SourceQuality "1"]

1. c4 Nf6 2. g3 c5 3. Bg2 e6 4. Nf3 d5 5. cxd5 Nxd5 6. 0-0 Be7 7. Nc3 Nxc3 8. bxc3 0-0 9. Qb3 Qc7 10. d4 cxd4 11. cxd4 Nd7 12. Bf4 Bd6 13. Rfc1 Qb8 14. Bg5 Bf4 15. gxf4 Nb6 16. e3 Bd7 17. a4 a5 18. Qxb6 Bc6 19. Rc5 Ra6 20. Qb2 Bd5 21. Qc3 h6 22. Bh4 Bc6 23. Rxa5 Rb6 24. Rc5 Rc8 25. a5 Rb5 26. Rxb5 Bxb5 27. Qb4 Bc6 28. Bg3 Bd5 29. Ne5 Bxg2 30. Kxg2 Qc7 31. Rb1 f6 32. Nf3 f5 33. Qxb7 Qxb7 34. Rxb7 Ra8 35. Rb5 Ra6 36. Ne5 g5 37. fxg5 hxg5 38. h4 g4 39. Nc4 Kg7 40. Nb6 Kf7 41. Bb8 Ke8 42. h5 1-0

[Event "Belorechensk Sarkisov Memorial op"]
[Site "Belorechensk"]
[Date "2012.05.25"]
[Round "3"]
[White "Todua, Anastasia"]
[Black "Sifunda, Sergey"]
[Result "0-1"]
[WhiteElo "1619"]
[BlackElo "1960"]
[PlyCount "68"]
[EventDate "2012.05.23"]
[EventType "swiss"]
[EventRounds "9"]
[EventCountry "RUS"]
[SourceTitle "CBM 148 Extra"]
[Source "ChessBase"]
[SourceDate "2012.06.22"]
[SourceVersion "1"]
[SourceVersionDate "2012.06.22"]
[SourceQuality "1"]

1. e4 c5 2. Nf3 d6 3. d4 cxd4 4. Nxd4 Nf6 5. Nc3 a6 6. Bd3 g6 7. Bg5 Bg7 8. Qd2 Ng4 9. Nf3 Nc6 10. 0-0-0 Qa5 11. Kb1 Bxc3 12. bxc3 Qb6+ 13. Ka1 Qxf2 14. Qf4 e5 15. Qc1 Qc5 16. Rhf1 Qxc3+ 17. Kb1 Qc5 18. h3 Nf2 19. Rd2 Nxd3 20. Rxd3 Be6 21. Rfd1 Nb4 22. Rxd6 Bxa2+ 23. Kb2 0-0 24. Bf6 Rac8 25. c3 Qc4 26. Nd2 Nd3+ 27. Rxd3 Qxd3 28. Nb3 Qg3 29. Rf1 Bxb3 30. Kxb3 Rc6 31. Qh6 Qxc3+ 32. Ka2 Qa5+ 33. Kb3 Qb6+ 34. Ka3 Rxf6 0-1

[Event "Doroshkevich Memorial op"]
[Site "Maikop"]
[Date "2008.05.28"]
[Round "5"]
[White "Sifunda, Sergey"]
[Black "Petrov, Artur"]
[Result "0-1"]
[WhiteElo "2116"]
[BlackElo "2335"]
[PlyCount "86"]
[EventDate "2008.05.24"]
[EventType "swiss"]
[EventRounds "9"]
[EventCountry "RUS"]
[SourceTitle "CBM 124 Extra"]
[Source "ChessBase"]
[SourceDate "2008.07.03"]
[SourceVersion "1"]
[SourceVersionDate "2008.07.03"]
[SourceQuality "1"]

1. c4 Nf6 2. Nc3 g6 3. Nf3 Bg7 4. g3 0-0 5. Bg2 d6 6. d4 Nc6 7. 0-0 a6 8. Re1 Rb8 9. a3 Na5 10. b3 b5 11. cxb5 axb5 12. Ra2 c6 13. e4 Be6 14. d5 Bg4 15. h3 Bxf3 16. Bxf3 Nd7 17. Ne2 c5 18. Bg2 c4 19. bxc4 bxc4 20. Nd4 Nc5 21. Be3 Qd7 22. Kh2 Rfc8 23. Qc2 Qa4 24. f3 Rb3 25. Bg1 Rxa3 26. Qxa4 Rxa4 27. Rxa4 Nxa4 28. Nc2 Nb3 29. f4 Nb2 30. Bf1 Ra8 31. Re2 c3 32. e5 Nc4 33. exd6 exd6 34. Nb4 Ncd2 35. Bg2 Nd4 36. Bxd4 Bxd4 37. g4 Rb8 38. Nd3 Kf8 39. h4 Rb2 40. Kh3 c2 41. Rxd2 c1Q 42. Nxc1 Rxd2 43. Nb3 Rd3+ 0-1

[Event "Doroshkevich Memorial op"]
[Site "Maikop"]
[Date "2008.05.25"]
[Round "2"]
[White "Sifunda, Sergey"]
[Black "Kulikova, Alena"]
[Result "1-0"]
[WhiteElo "2116"]
[BlackElo "1782"]
[PlyCount "111"]
[EventDate "2008.05.24"]
[EventType "swiss"]
[EventRounds "9"]
[EventCountry "RUS"]
[SourceTitle "CBM 124 Extra"]
[Source "ChessBase"]
[SourceDate "2008.07.03"]
[SourceVersion "1"]
[SourceVersionDate "2008.07.03"]
[SourceQuality "1"]

1. c4 c5 2. Nc3 b6 3. Nf3 Bb7 4. e3 e6 5. Be2 Nf6 6. 0-0 Be7 7. b3 0-0 8. Bb2 Qc7 9. d4 a6 10. Qc2 d5 11. cxd5 cxd4 12. Nxd4 Nxd5 13. Nxd5 Qxc2 14. Nxe7+ Kh8 15. Nxc2 Re8 16. Rfd1 Be4 17. Rac1 Ra7 18. Ba3 Nd7 19. Nd4 Nc5 20. Nec6 Bxc6 21. Nxc6 Rc7 22. Bf3 e5 23. Bxc5 bxc5 24. Rxc5 e4 25. Bxe4 g6 26. Bf3 Kg7 27. b4 Re6 28. Nd4 Ree7 29. Rxc7 Rxc7 30. Nc6 Rb7 31. a3 Rc7 32. g3 Rb7 33. Ne5 Rc7 34. Rd7 Rc1+ 35. Kg2 Kf6 36. Nxf7 Rc3 37. a4 Rc4 38. Rb7 a5 39. Bd5 Rxb4 40. Rxb4 axb4 41. f4 Ke7 42. e4 Kd7 43. a5 Kc7 44. e5 Kc8 45. Nd6+ Kc7 46. Nb5+ Kc8 47. e6 Kd8 48. a6 Ke7 49. a7 b3 50. Bxb3 Kf6 51. a8Q g5 52. Qf8+ Kg6 53. f5+ Kh5 54. Bd1+ g4 55. Qf6 h6 56. Qg6# 1-0